| 000 | 01485nam a22002537a 4500 | ||
|---|---|---|---|
| 003 | NALT | ||
| 005 | 20240226142020.0 | ||
| 008 | 240226b th ||||| |||| 00| 0 tha d | ||
| 020 | _a9749325974 | ||
| 040 | _aNALT | ||
| 041 | _atha | ||
| 090 |
_aKE 151 _bศ365ค 2555 |
||
| 110 | 2 |
_96264 _aสำนักงานศาลปกครอง _bสำนักประชาสัมพันธ์ |
|
| 245 | 1 | 0 |
_aคดีปกครอง... รู้ไว้บอกต่อ / _cสำนักงานศาลปกครอง. |
| 250 | _aพิมพ์ครั้งที่ 9. | ||
| 260 |
_aกรุงเทพฯ : _bสำนักงานศาลปกครอง, _c2555. |
||
| 300 |
_a39 หน้า ; _c21 ซม. |
||
| 505 | 0 | _aคดีปกครอง -- ระยะเวลาการฟ้องคดี -- คำฟ้อง -- การชำระค่าธรรมเนียมศาล -- วิธีการชั่วคราวก่อนการพิพากษา -- ตุลาการศาลปกครอง -- ระบบไต่สวน -- การนั่งพิจารณาคดี -- การพิพากษาคดี. | |
| 610 | 2 | 0 |
_aศาลปกครอง _xรวมเรื่อง _917633 |
| 650 | 4 |
_aคดีปกครอง _910762 _xความรู้ทั่วไป |
|
| 850 | _aNALT | ||
| 942 |
_cLB _2local |
||
| 996 |
_akornsiririn.r _bCATSTF _c2024-02-26 |
||
| 999 |
_c104723 _d104723 |
||
| 998 |
_j7560 _k กรศิริรินทร์ รัตนสุภา |
||